00546 2200193 4500245008700000020002200087250001100109100001800120700001700138700001800155700002500173650002400198005001900222260004400241041001400285084001800299300002600317336000900343 aPendidikan Karakter b : Kajian Teori dan Praktik di SekolahcDharma KesumahText a978-979-692-044-0 aCet. 3 aDharma Kesuma aCepi Triatna aJohar Permana aAnang Solihin Wardan aPendidikan Karakter a20230510074904 aBandungbRemaja Rosdakarya Offsetc2012 aIndonesia a370.114 DHA p ax, 160 hlm. :c24 cm. atext